Contes amb gust : febrer-juny 2002 febrer-juny 2002
Descripción Física:
1 díptic ; 21 cm
MARC
| LEADER | 00000nam a2200000Ia 4500 | ||
|---|---|---|---|
| 001 | 24316 | ||
| 008 | 160829s2002 xx 000 0 cat d | ||
| 080 | |a FU-64-131 | ||
| 245 | |a Contes amb gust : |b febrer-juny 2002 | ||
| 260 | |a [Barcelona] : |b Diputació de Barcelona. Escola Professional de la Dona, |c 2002 | ||
| 300 | |a 1 díptic ; |c 21 cm | ||
| 590 | |a Programa de mà del cicle de de contes gastronòmics organitzat per l'Escola Professional de la Dona entre febrer i juny 2002 | ||
| 650 | |a Contes |9 49567 | ||
| 650 | |a Cuina |9 38788 | ||
| 710 | 2 | |a Escola Professional de la Dona |9 52886 | |
| 901 | |a Arxiu | ||
| 942 | |n 1 | ||
| 952 | |0 0 |1 0 |4 0 |6 FU64131 |7 1 |9 55445 |a Arxiu |b Arxiu |d 2016-12-01 |l 0 |o FU-64-131 |p 24316 |r 2016-12-01 00:00:00 |w 2016-12-01 |y ARXIU | ||
| 999 | |c 59318 |d 59318 | ||